[Event "4. HSK Weihnachtsopen 2018"]
[Site "Hamburg"]
[Date "2018.12.28"]
[Round "4.15"]
[White "Goltser, Ilja"]
[Black "Schramm, Fynn"]
[Result "1/2-1/2"]
[WhiteElo "1744"]
[BlackElo "1913"]
[PlyCount "41"]
[EventDate "2018.12.27"]

1. e4 e5 2. Nf3 Nc6 3. Bc4 Bc5 4. c3 Nf6 5. d4 exd4 6. e5 Qe7 7. cxd4 Bb4+ 8.
Bd2 Bxd2+ 9. Nbxd2 d6 10. Qe2 dxe5 11. dxe5 Ng4 12. Bb5 Bd7 13. Bxc6 Bxc6 14.
h3 Nh6 15. O-O O-O 16. Ne4 Qb4 17. Rfe1 Rad8 18. a3 Qb3 19. Rac1 Rfe8 20. Nc5
Qb6 21. b4 1/2-1/2

[Event "4. HSK Weihnachtsopen 2018"]
[Site "Hamburg"]
[Date "2018.12.28"]
[Round "4.16"]
[White "Rudolph, Jens-Erik"]
[Black "Paufler, Patrick"]
[Result "0-1"]
[WhiteElo "1860"]
[BlackElo "1662"]
[PlyCount "54"]
[EventDate "2018.12.27"]

1. b3 e5 2. Bb2 Nc6 3. e3 Bc5 4. f4 d6 5. Nf3 Qe7 6. Bb5 f6 7. fxe5 fxe5 8. O-O
Bd7 9. Nc3 Nf6 10. Na4 Bb6 11. Nxb6 axb6 12. d4 e4 13. Nh4 Ng4 14. Qe1 Qg5 15.
Rf4 Qxb5 16. Rxe4+ Kd8 17. Qg3 h5 18. h3 Qd5 19. hxg4 Qxe4 20. gxh5 Qg4 21. Qf2
Qxh5 22. g3 Ra5 23. d5 Ne5 24. Bxe5 dxe5 25. e4 Qg4 26. Nf5 Bxf5 27. exf5 Qd4
0-1

[Event "4. HSK Weihnachtsopen 2018"]
[Site "Hamburg"]
[Date "2018.12.28"]
[Round "4.17"]
[White "Chmielewski, Axel"]
[Black "Grabbel, Torben Frederik"]
[Result "0-1"]
[WhiteElo "1854"]
[BlackElo "1469"]
[PlyCount "86"]
[EventDate "2018.12.27"]

1. d4 d5 2. c4 e6 3. Nc3 Nf6 4. Bf4 Bd6 5. Bg5 c6 6. Nf3 Nbd7 7. e3 O-O 8. Bd3
dxc4 9. Bxc4 b5 10. Bd3 a6 11. O-O c5 12. Ne4 Be7 13. Nxc5 Nxc5 14. dxc5 h6 15.
Bxf6 Bxf6 16. Qe2 Bxb2 17. Rad1 Qf6 18. Be4 Ra7 19. Rd3 b4 20. Rfd1 a5 21. Nd4
Qh4 22. Bc6 Bc3 23. Nb5 Ra6 24. Qf3 Be5 25. h3 Qc4 26. Nd6 Bxd6 27. cxd6 Qxc6
28. Qxc6 Rxc6 29. d7 Bxd7 30. Rxd7 Rc2 31. R1d2 Rfc8 32. Kf1 Rxd2 33. Rxd2 Rc7
34. Ke2 Kf8 35. e4 Ke7 36. e5 g5 37. g3 Rc5 38. f4 gxf4 39. gxf4 Rc3 40. Rd3
Rxd3 41. Kxd3 Kd7 42. Kd4 Kc6 43. Kc4 Kb6 0-1

[Event "4. HSK Weihnachtsopen 2018"]
[Site "Hamburg"]
[Date "2018.12.28"]
[Round "4.18"]
[White "Perschk, Bendix"]
[Black "Atri, Jamshid"]
[Result "0-1"]
[WhiteElo "1694"]
[BlackElo "1930"]
[PlyCount "114"]
[EventDate "2018.12.27"]

1. Nf3 d5 2. g3 c5 3. Bg2 Nc6 4. O-O e5 5. d3 f6 6. Re1 Be6 7. e4 d4 8. c3 Qd7
9. b4 dxc3 10. b5 Nd4 11. Nxc3 Nxb5 12. Nd5 Ne7 13. Nh4 O-O-O 14. a4 Nd4 15. f4
exf4 16. Nxf4 Bb3 17. Qh5 Kb8 18. Nhg6 Nxg6 19. Nxg6 Qe8 20. Nf4 Qxh5 21. Nxh5
Nc2 22. Bf4+ Ka8 23. Bc7 Rc8 24. e5 Nxe1 25. Rxe1 Rxc7 26. exf6 a6 27. Re8+ Ka7
28. fxg7 Bxg7 29. Nxg7 Rxe8 30. Nxe8 Bxa4 31. Nxc7 b5 32. Bd5 Bc2 33. Ne6 Kb6
34. d4 c4 35. Kf2 a5 36. Ke3 Bb3 37. Nc5 Ba2 38. Ne4 b4 39. Nd6 a4 40. Nxc4+
Kc7 41. Kd2 a3 42. g4 h6 43. Ne3 Bb1 44. Kc1 Bd3 45. Bb3 Kb6 46. h4 Kb5 47. Nf5
h5 48. Ne3 hxg4 49. Nxg4 Bc4 50. Kc2 a2 51. Bxc4+ Kxc4 52. Kb2 b3 53. h5 Kd3
54. Ne3 Kxe3 55. h6 Kd2 56. h7 a1=Q+ 57. Kxa1 Kc2 0-1

[Event "4. HSK Weihnachtsopen 2018"]
[Site "Hamburg"]
[Date "2018.12.28"]
[Round "4.19"]
[White "Chilton, Alexis"]
[Black "Kaußmann, Jean-David"]
[Result "1/2-1/2"]
[WhiteElo "1844"]
[BlackElo "1593"]
[PlyCount "40"]
[EventDate "2018.12.27"]

1. e4 d5 2. exd5 Qxd5 3. Nc3 Qa5 4. Nf3 Bg4 5. h3 Bh5 6. b4 Qb6 7. b5 c6 8. Rb1
Qc7 9. Ba3 Nf6 10. Be2 c5 11. d4 e6 12. d5 Qa5 13. Bb2 Nxd5 14. Qd2 Nxc3 15.
Qxc3 Qxc3+ 16. Bxc3 f6 17. Bc4 Bf7 18. O-O e5 19. Bxf7+ Kxf7 20. Rfd1 Be7
1/2-1/2

[Event "4. HSK Weihnachtsopen 2018"]
[Site "Hamburg"]
[Date "2018.12.28"]
[Round "4.20"]
[White "Hinrichs, Winfried"]
[Black "Zierott, Jan"]
[Result "0-1"]
[WhiteElo "1551"]
[BlackElo "1792"]
[PlyCount "56"]
[EventDate "2018.12.27"]

1. e4 c6 2. d4 d5 3. exd5 cxd5 4. Bd3 Nf6 5. Bf4 Bg4 6. Ne2 e6 7. h3 Bh5 8. Nd2
Bd6 9. Be5 Nc6 10. Bb5 O-O 11. Bxc6 bxc6 12. O-O c5 13. Bxd6 Qxd6 14. dxc5 Qxc5
15. Nb3 Qb6 16. g4 Bg6 17. Ng3 Rfc8 18. c3 a5 19. Qd4 Qb5 20. Qd2 Rab8 21. g5
Ne4 22. Nxe4 Bxe4 23. Nxa5 Qxa5 24. b4 Qa3 25. Rfc1 Rc4 26. Qf4 Rbc8 27. b5
Rxc3 28. Qe3 Rxc1+ 0-1

[Event "4. HSK Weihnachtsopen 2018"]
[Site "Hamburg"]
[Date "2018.12.28"]
[Round "4.21"]
[White "Meyer, Harald"]
[Black "Bloh, Fabian"]
[Result "0-1"]
[WhiteElo "1282"]
[BlackElo "1685"]
[PlyCount "84"]
[EventDate "2018.12.27"]

1. Nf3 Nf6 2. c4 c5 3. Nc3 Nc6 4. e4 e5 5. d3 g6 6. Bg5 Bg7 7. Qd2 d6 8. Nd5
Nd4 9. Be2 Ne6 10. Nxf6+ Bxf6 11. Bxf6 Qxf6 12. b4 O-O 13. b5 Qf4 14. g3 Qxd2+
15. Kxd2 f5 16. Raf1 Ng7 17. Ne1 b6 18. h4 h6 19. Nc2 Bb7 20. f3 Nh5 21. Rhg1
f4 22. g4 Ng3 23. Re1 Kf7 24. a3 Ke7 25. Kc3 a6 26. Bd1 axb5 27. cxb5 Ra5 28.
Kc4 Bc8 29. a4 Rxa4+ 30. Kc3 Ra5 31. d4 cxd4+ 32. Nxd4 exd4+ 33. Kxd4 Rxb5 34.
Kc4 Rc5+ 35. Kd4 Kf6 36. Rg2 Be6 37. Rb2 Rb8 38. Ba4 Rc4+ 39. Kd3 Rxa4 40. Rc1
Ra3+ 41. Kd4 Rba8 42. Rb4 Ne2# 0-1

[Event "4. HSK Weihnachtsopen 2018"]
[Site "Hamburg"]
[Date "2018.12.28"]
[Round "4.22"]
[White "Müller, Nico"]
[Black "Westphal-Stubbe, Siegbert"]
[Result "0-1"]
[WhiteElo "1546"]
[BlackElo "1664"]
[PlyCount "136"]
[EventDate "2018.12.27"]

1. e4 c5 2. Nf3 e6 3. d4 cxd4 4. Nxd4 a6 5. Nc3 d6 6. Be3 Nf6 7. f3 b6 8. Qd2
Bb7 9. g4 Be7 10. g5 Nh5 11. Be2 g6 12. O-O-O Nd7 13. Nb3 Nc5 14. Nxc5 dxc5 15.
Qe1 Qc7 16. Qh4 e5 17. Nd5 Bxd5 18. Rxd5 Rd8 19. Rhd1 Rxd5 20. Rxd5 h6 21. Bxa6
Nf4 22. Bb5+ Kf8 23. Rd7 Qb8 24. Bxf4 exf4 25. Bc4 Qe5 26. Rd5 hxg5 27. Qg4 Qb8
28. h3 b5 29. Bf1 Qe8 30. Qd7 Qxd7 31. Rxd7 b4 32. Kd2 Bf6 33. c3 Kg7 34. cxb4
cxb4 35. Kc2 Rd8 36. Rb7 Rd4 37. a4 bxa3 38. bxa3 Kf8 39. Bb5 Be7 40. a4 Bb4
41. Kb3 Ba5 42. Ra7 Bb6 43. Ra8+ Ke7 44. a5 Rd8 45. Ra6 Bd4 46. Rc6 Rb8 47. Kc4
Bf2 48. a6 Bb6 49. Kb4 Bf2 50. Rc7+ Ke6 51. Kc4 f5 52. exf5+ gxf5 53. Rg7 Kf6
54. Rh7 Kg6 55. Rd7 Rh8 56. a7 Bxa7 57. Rxa7 Rxh3 58. Bc6 g4 59. fxg4 fxg4 60.
Bd7 Rh4 61. Kd3 g3 62. Ke2 Rh2+ 63. Kf3 Rf2+ 64. Kg4 g2 65. Bf5+ Kf6 66. Ra6+
Ke5 67. Ra5+ Kd4 68. Ra4+ Kc5 0-1

[Event "4. HSK Weihnachtsopen 2018"]
[Site "Hamburg"]
[Date "2018.12.28"]
[Round "4.23"]
[White "Lu, Siyuan"]
[Black "Mandelkow, Elias"]
[Result "1-0"]
[WhiteElo "1659"]
[BlackElo "1569"]
[PlyCount "73"]
[EventDate "2018.12.27"]

1. e4 c5 2. Nf3 d6 3. d4 cxd4 4. Nxd4 Nf6 5. Nc3 a6 6. Be3 e5 7. Nb3 Be6 8. Bd3
Nbd7 9. O-O Ng4 10. Nd5 Be7 11. Qe2 Rc8 12. Rfd1 Bg5 13. Bxg5 Qxg5 14. f3 Ngf6
15. c4 Nh5 16. Qd2 Nf4 17. Kh1 Bxd5 18. cxd5 Qg6 19. Bf1 h5 20. Nc1 h4 21. Nd3
Nh5 22. Rac1 Rd8 23. Rc2 Ndf6 24. Rdc1 Ng3+ 25. Kg1 Nxf1 26. Kxf1 O-O 27. Rc7
Nh7 28. Nf2 f5 29. Qe2 Ng5 30. exf5 Qxf5 31. h3 e4 32. Re7 Qf6 33. Rcc7 Kh8 34.
Nxe4 Nxe4 35. Qxe4 Qh6 36. Qd4 Rg8 37. Re4 1-0

[Event "4. HSK Weihnachtsopen 2018"]
[Site "Hamburg"]
[Date "2018.12.28"]
[Round "4.24"]
[White "Raedisch, Peter"]
[Black "Grotrian, Peter"]
[Result "1-0"]
[WhiteElo "1655"]
[BlackElo "1500"]
[PlyCount "81"]
[EventDate "2018.12.27"]

1. e4 c5 2. Nf3 d6 3. Bc4 a6 4. a4 Nf6 5. d3 Nc6 6. c3 Bg4 7. Qb3 e6 8. Nbd2 d5
9. e5 dxc4 10. Qxc4 Bxf3 11. Nxf3 Nd7 12. Qe4 Be7 13. h4 Qc7 14. Bf4 Nb6 15.
Ng5 Nd5 16. Bg3 Bxg5 17. hxg5 g6 18. Rc1 Nce7 19. O-O Nf5 20. Bh2 Ke7 21. d4 c4
22. g4 Ng7 23. f4 Rae8 24. f5 Kd8 25. f6 Reg8 26. fxg7 Rxg7 27. Qe2 h5 28. Rf2
hxg4 29. Qxg4 Rgh7 30. Qe2 Rh3 31. Rcf1 R8h7 32. Qd2 Ne3 33. Qe2 Nxf1 34. Qxf1
R3h4 35. Rg2 Qc6 36. Qf6+ Kc7 37. Qe7+ Qd7 38. Qc5+ Qc6 39. Qe7+ Kb6 40. a5+
Kxa5 41. Qb4# 1-0

[Event "4. HSK Weihnachtsopen 2018"]
[Site "Hamburg"]
[Date "2018.12.28"]
[Round "4.25"]
[White "Leonforte, Aurelius"]
[Black "Lohmann, Rene Alexander"]
[Result "0-1"]
[WhiteElo "1629"]
[BlackElo "1390"]
[PlyCount "110"]
[EventDate "2018.12.27"]

1. e4 e5 2. Nf3 Nc6 3. d4 exd4 4. Nxd4 Qf6 5. Nxc6 Qxc6 6. Nc3 Bb4 7. Qd4 Bxc3+
8. bxc3 Nf6 9. Bd3 d6 10. Rb1 O-O 11. Bg5 Nd7 12. Bb5 Qb6 13. Qxb6 axb6 14. Bc4
h6 15. Bf4 Nc5 16. f3 Be6 17. Bb3 Rfe8 18. O-O Na4 19. Bxe6 Rxe6 20. Bd2 Nc5
21. Ra1 Ree8 22. Rfe1 Kf8 23. Kf2 Ra4 24. Be3 Ne6 25. Red1 Rea8 26. Rac1 Rxa2
27. f4 R2a4 28. Kf3 Rc4 29. Rd3 Ra3 30. Bd2 Nc5 31. Re3 Na4 32. Rb1 Nxc3 33.
Rb3 Rxb3 34. cxb3 Rxe4 35. Rxe4 Nxe4 36. Kxe4 Ke7 37. Bc3 g6 38. h4 Ke6 39. b4
b5 40. Bd2 h5 41. Be3 c6 42. Bb6 d5+ 43. Kd4 Kf5 44. Bc7 Kg4 45. Kc5 Kxh4 46.
f5 Kg4 47. fxg6 fxg6 48. Be5 g5 49. Kb6 Kf5 50. Bc3 Ke4 51. Kc7 d4 52. Bd2 Kd5
53. Bxg5 c5 54. Bd2 cxb4 55. Bxb4 Kc4 0-1

[Event "4. HSK Weihnachtsopen 2018"]
[Site "Hamburg"]
[Date "2018.12.28"]
[Round "4.26"]
[White "Klawitter, Bernd"]
[Black "Fuhrmann, Jeppe"]
[Result "1/2-1/2"]
[WhiteElo "1593"]
[BlackElo "1322"]
[PlyCount "57"]
[EventDate "2018.12.27"]

1. d4 Nf6 2. Bf4 e6 3. c3 Nc6 4. e3 g6 5. Bd3 Bg7 6. Nd2 d6 7. Qc2 Bd7 8. Bg3
Nd5 9. e4 Nb6 10. a3 Qe7 11. Ngf3 a6 12. Nb3 d5 13. Nc5 dxe4 14. Bxe4 e5 15.
Nxd7 Qxd7 16. Bxc6 Qxc6 17. O-O O-O-O 18. Nxe5 Bxe5 19. dxe5 Rhe8 20. Rad1 Nc4
21. Rxd8+ Kxd8 22. Re1 Kc8 23. a4 f6 24. e6 Rxe6 25. Rxe6 Qxe6 26. h3 Qc6 27.
b3 Nd6 28. c4 Nf5 29. Qc3 1/2-1/2

[Event "4. HSK Weihnachtsopen 2018"]
[Site "Hamburg"]
[Date "2018.12.28"]
[Round "4.27"]
[White "Müller, Marvin"]
[Black "Müller, Linus"]
[Result "0-1"]
[WhiteElo "1586"]
[BlackElo "1445"]
[PlyCount "80"]
[EventDate "2018.12.27"]

1. Nf3 c5 2. g3 Nc6 3. Bg2 g6 4. O-O Bg7 5. d3 d5 6. Nc3 e6 7. e4 Nf6 8. Nd2
O-O 9. f4 dxe4 10. Ndxe4 Nxe4 11. Nxe4 b6 12. Kh1 Bb7 13. Rb1 Qe7 14. Bd2 Rad8
15. Bc3 Nd4 16. Qd2 f5 17. Ng5 Bxg2+ 18. Qxg2 e5 19. Rfe1 Qd6 20. b4 Rfe8 21.
bxc5 Qxc5 22. Bxd4 Qxd4 23. Nf3 Qc5 24. fxe5 Bxe5 25. Rxe5 Rxe5 26. d4 Rxd4 27.
Nxd4 Qxd4 28. Qa8+ Kg7 29. Qxa7+ Kh6 30. Qc7 Qe4+ 31. Kg1 Qe3+ 32. Kh1 f4 33.
Qc6 fxg3 34. Qg2 gxh2 35. Rb3 Qe1+ 36. Kxh2 Re2 37. Rh3+ Kg7 38. Rg3 Rxg2+ 39.
Rxg2 Qa1 40. c4 Qe5+ 0-1

[Event "4. HSK Weihnachtsopen 2018"]
[Site "Hamburg"]
[Date "2018.12.28"]
[Round "4.29"]
[White "Herrmann, Sabine"]
[Black "Krüger, Dietrich"]
[Result "1-0"]
[WhiteElo "1553"]
[BlackElo "1262"]
[PlyCount "67"]
[EventDate "2018.12.27"]

1. e4 Nc6 2. d4 d5 3. exd5 Qxd5 4. Nf3 Bg4 5. Be2 h5 6. Bf4 O-O-O 7. Nc3 Qa5 8.
O-O Bxf3 9. Bxf3 Rxd4 10. Bd2 Qb6 11. Rb1 e5 12. Qe2 Nf6 13. Be3 e4 14. Nxe4
Bc5 15. Nxc5 Re8 16. Nb3 Rxe3 17. Qxe3 Rb4 18. Qxb6 axb6 19. Bxc6 bxc6 20. h3
g5 21. Rfe1 g4 22. hxg4 Rxg4 23. f3 Rc4 24. c3 Nd5 25. Rbd1 b5 26. Nd4 Kb7 27.
Re5 b4 28. cxb4 Nxb4 29. Nb3 Kb6 30. a3 Nd5 31. Rxh5 Ne3 32. Rd3 Nd5 33. Rh8
Kb7 34. Na5+ 1-0

[Event "4. HSK Weihnachtsopen 2018"]
[Site "Hamburg"]
[Date "2018.12.29"]
[Round "5.1"]
[White "Von Gleich, Alexander"]
[Black "Powierski, Emil"]
[Result "1/2-1/2"]
[WhiteElo "2323"]
[BlackElo "2310"]
[PlyCount "36"]
[EventDate "2018.12.27"]

1. Nf3 Nf6 2. c4 e6 3. g3 a6 4. Nc3 d5 5. d4 dxc4 6. Bg2 b5 7. Ne5 Ra7 8. e4
Bb7 9. Be3 Nbd7 10. O-O Ra8 11. Qe2 Nxe5 12. dxe5 Nd7 13. Rad1 Qc8 14. Qh5 g6
15. Qh4 Be7 16. Qh6 Bf8 17. Qh4 Be7 18. Qh6 Bf8 1/2-1/2

[Event "4. HSK Weihnachtsopen 2018"]
[Site "Hamburg"]
[Date "2018.12.29"]
[Round "5.4"]
[White "Malkiel, Daniel"]
[Black "Franke, Lutz"]
[Result "0-1"]
[WhiteElo "2187"]
[BlackElo "2110"]
[PlyCount "42"]
[EventDate "2018.12.27"]

1. Nf3 f5 2. d3 Nc6 3. d4 e6 4. e3 Nf6 5. Be2 Be7 6. b3 O-O 7. O-O d6 8. Bb2
Ne4 9. c4 Bf6 10. Nbd2 Nxd2 11. Qxd2 e5 12. b4 e4 13. Ne1 Qe7 14. f4 exf3 15.
gxf3 Re8 16. Nc2 f4 17. e4 Bh3 18. Rfd1 Bxd4+ 19. Bxd4 Qg5+ 20. Kf2 Qg2+ 21.
Ke1 Qh1+ 0-1

[Event "4. HSK Weihnachtsopen 2018"]
[Site "Hamburg"]
[Date "2018.12.29"]
[Round "5.5"]
[White "Koop, Sören"]
[Black "Schellhorn, Wolfgang"]
[Result "1-0"]
[WhiteElo "2096"]
[BlackElo "2138"]
[PlyCount "79"]
[EventDate "2018.12.27"]

1. e4 c5 2. Nf3 d6 3. d4 cxd4 4. Nxd4 Nf6 5. Nc3 a6 6. Be2 e5 7. Nb3 Be7 8. O-O
O-O 9. a4 b6 10. Be3 Bb7 11. Bf3 Nbd7 12. Qd3 Qc7 13. Rfd1 Rac8 14. Rd2 Rfd8
15. h3 Qc4 16. Nd5 Nxd5 17. Qxc4 Rxc4 18. exd5 f5 19. a5 b5 20. Bb6 Rdc8 21. c3
Nf6 22. Rad1 b4 23. cxb4 Rxb4 24. Nc1 e4 25. Be2 Nxd5 26. Rxd5 Bxd5 27. Rxd5
Rxc1+ 28. Kh2 g6 29. Bxa6 Bf6 30. Rb5 Be5+ 31. g3 Rxb5 32. Bxb5 d5 33. a6 d4
34. a7 Ra1 35. b3 d3 36. Ba4 d2 37. a8=Q+ Kg7 38. Qb7+ Kh6 39. Be3+ f4 40. Bxd2
1-0

[Event "4. HSK Weihnachtsopen 2018"]
[Site "Hamburg"]
[Date "2018.12.29"]
[Round "5.6"]
[White "Jantzen, Hans-Jörg"]
[Black "Szobries, Torsten"]
[Result "1/2-1/2"]
[WhiteElo "2130"]
[BlackElo "2032"]
[PlyCount "91"]
[EventDate "2018.12.27"]

1. d4 e6 2. Bf4 Nf6 3. e3 c5 4. c3 Be7 5. Nd2 d6 6. Ngf3 Nbd7 7. Nc4 Nb6 8.
dxc5 Nxc4 9. Bxc4 dxc5 10. Qxd8+ Bxd8 11. Rd1 a6 12. Bd6 b5 13. Bd3 Be7 14.
Bxe7 Kxe7 15. Ne5 Bb7 16. f3 Rad8 17. Ke2 Ne8 18. Bb1 Nd6 19. Nd3 Rc8 20. b4
cxb4 21. cxb4 h6 22. Rc1 Rxc1 23. Rxc1 Rc8 24. Rxc8 Bxc8 25. Nc5 Nc4 26. Bd3
Nb6 27. Kd2 Kd6 28. Bc2 Nd5 29. a3 Kc7 30. Bb3 Nb6 31. Kc3 Kd6 32. f4 f6 33. g3
Na8 34. e4 Nc7 35. Kd4 e5+ 36. Ke3 a5 37. f5 axb4 38. axb4 Na6 39. Nd3 Bd7 40.
Bf7 Nb8 41. Kf2 Nc6 42. Ke3 Nd4 43. Bh5 Ke7 44. Nc5 Be8 45. Bd1 Bf7 46. Nd3
1/2-1/2

[Event "4. HSK Weihnachtsopen 2018"]
[Site "Hamburg"]
[Date "2018.12.29"]
[Round "5.7"]
[White "Sonntag, Sven"]
[Black "Böhm, Thomas"]
[Result "0-1"]
[WhiteElo "1978"]
[BlackElo "2126"]
[PlyCount "62"]
[EventDate "2018.12.27"]

1. d4 f5 2. c4 Nf6 3. Nc3 e6 4. Bg5 Bb4 5. Bxf6 Qxf6 6. a3 Bxc3+ 7. bxc3 b6 8.
e3 Bb7 9. Qh5+ Qf7 10. Qxf7+ Kxf7 11. Nf3 d6 12. Bd3 Nd7 13. a4 g6 14. e4 Kf6
15. Nd2 e5 16. O-O f4 17. a5 Rhe8 18. a6 Bc8 19. f3 Nb8 20. c5 dxc5 21. dxe5+
Kxe5 22. Nc4+ Ke6 23. Nb2 Bd7 24. Bc4+ Ke7 25. e5 Be6 26. Bd3 Nd7 27. Be4 Rad8
28. Bc6 Rf8 29. Rfe1 Nb8 30. Bb5 Rd2 31. Nd3 c4 0-1

[Event "4. HSK Weihnachtsopen 2018"]
[Site "Hamburg"]
[Date "2018.12.29"]
[Round "5.8"]
[White "Paufler, Patrick"]
[Black "Porth, Hartmut"]
[Result "0-1"]
[WhiteElo "1662"]
[BlackElo "2093"]
[PlyCount "60"]
[EventDate "2018.12.27"]

1. d4 d5 2. Nf3 Nc6 3. Bf4 Bg4 4. e3 e6 5. Be2 Bd6 6. Bxd6 cxd6 7. O-O f5 8. c3
Nf6 9. Nbd2 O-O 10. c4 dxc4 11. Bxc4 d5 12. Bd3 Ne4 13. Qa4 Nxd2 14. Nxd2 f4
15. h3 fxe3 16. fxe3 Qg5 17. Kh2 Qxe3 18. Qc2 Nxd4 19. Qc3 Qe5+ 20. Kh1 Rfc8
21. Qb4 Bf5 22. Rae1 Qg3 23. Bxf5 Nxf5 24. Rxe6 Ne3 25. Rxe3 Qxe3 26. Nb3 Rf8
27. Rd1 Rae8 28. Qxb7 Rf5 29. Nd4 Rh5 30. Nf3 Rxh3+ 0-1

[Event "4. HSK Weihnachtsopen 2018"]
[Site "Hamburg"]
[Date "2018.12.29"]
[Round "5.9"]
[White "Grabbel, Torben Frederik"]
[Black "Kemeny, Matthias"]
[Result "0-1"]
[WhiteElo "1469"]
[BlackElo "1980"]
[PlyCount "52"]
[EventDate "2018.12.27"]

1. d4 Nf6 2. c4 g6 3. Nf3 Bg7 4. g3 O-O 5. Bg2 c6 6. O-O d5 7. cxd5 cxd5 8. Nc3
Nc6 9. a3 Bf5 10. b4 Ne4 11. Bb2 Rc8 12. Rc1 h6 13. e3 Qd7 14. Nd2 Nxc3 15.
Bxc3 Bh3 16. b5 Nb8 17. a4 h5 18. Qf3 Bxg2 19. Kxg2 a6 20. Qe2 Qe6 21. Bb4 Bxd4
22. Nb3 Ba7 23. a5 Qe4+ 24. Qf3 Qxb4 25. b6 Bxb6 26. Qxd5 Ba7 0-1

[Event "4. HSK Weihnachtsopen 2018"]
[Site "Hamburg"]
[Date "2018.12.29"]
[Round "5.10"]
[White "Koop, Th.Börge"]
[Black "Schwarzkopf, Jörg"]
[Result "1/2-1/2"]
[WhiteElo "1846"]
[BlackElo "1843"]
[PlyCount "44"]
[EventDate "2018.12.27"]

1. e4 c5 2. c3 d5 3. exd5 Qxd5 4. d4 Nf6 5. Nf3 Bg4 6. Be2 e6 7. O-O Nc6 8. Qa4
Be7 9. Be3 cxd4 10. cxd4 O-O 11. Nc3 Qd6 12. Rfd1 Nd5 13. Nxd5 Qxd5 14. Rac1
Rfd8 15. Qb5 Rab8 16. a3 Bf6 17. Rc5 Qd7 18. d5 exd5 19. Rcxd5 Qc7 20. Qa4 Be6
21. Rxd8+ Rxd8 22. Rxd8+ Qxd8 1/2-1/2

[Event "4. HSK Weihnachtsopen 2018"]
[Site "Hamburg"]
[Date "2018.12.29"]
[Round "5.12"]
[White "Fuhrmann, Äke"]
[Black "Grabbel, Lennart Christian"]
[Result "1/2-1/2"]
[WhiteElo "1955"]
[BlackElo "1823"]
[PlyCount "67"]
[EventDate "2018.12.27"]

1. c4 c5 2. g3 Nc6 3. Bg2 g6 4. Nc3 Bg7 5. a3 e6 6. Rb1 Nge7 7. b4 cxb4 8. axb4
O-O 9. Nf3 d5 10. cxd5 Nxd5 11. Nxd5 Qxd5 12. O-O e5 13. d3 Qd6 14. Qa4 Bd7 15.
b5 Ne7 16. Ba3 Qf6 17. Nd2 a6 18. Ne4 Qe6 19. Nc5 Qd6 20. Nxb7 Qf6 21. Qb4 Nf5
22. Nc5 Bxb5 23. Bxa8 Rxa8 24. Ne4 Qd8 25. Rfc1 Nd4 26. Nc3 Rc8 27. Kf1 Bh6 28.
Nxb5 Bxc1 29. Nxd4 Bxa3 30. Qxa3 Qxd4 31. Qxa6 Qd7 32. Qf6 Qd5 33. Qf3 Qxf3 34.
exf3 1/2-1/2

[Event "4. HSK Weihnachtsopen 2018"]
[Site "Hamburg"]
[Date "2018.12.29"]
[Round "5.13"]
[White "Apitzsch, Leon Fabian"]
[Black "Zierott, Jan"]
[Result "1-0"]
[WhiteElo "1940"]
[BlackElo "1792"]
[PlyCount "71"]
[EventDate "2018.12.27"]

1. e4 c6 2. Nc3 d5 3. Nf3 Bg4 4. h3 Bxf3 5. Qxf3 e6 6. d4 dxe4 7. Qxe4 Nf6 8.
Qd3 Bb4 9. Be2 Nbd7 10. Bd2 Nd5 11. O-O Nxc3 12. bxc3 Bd6 13. Rab1 Rb8 14. Be3
Qc7 15. c4 Bf4 16. Bf3 Bxe3 17. fxe3 Nf6 18. e4 O-O 19. e5 Nd7 20. Rb3 Rfd8 21.
Qe4 Nb6 22. Be2 Rd7 23. c5 Nd5 24. Rbf3 Rf8 25. Qg4 Qd8 26. h4 Qe7 27. h5 f5
28. exf6 Nxf6 29. Qh4 h6 30. Bc4 b6 31. cxb6 axb6 32. c3 Re8 33. Rxf6 gxf6 34.
Rxf6 Rd5 35. Bxd5 cxd5 36. Qg4+ 1-0

[Event "4. HSK Weihnachtsopen 2018"]
[Site "Hamburg"]
[Date "2018.12.29"]
[Round "5.16"]
[White "Nyenhuis, Yannek"]
[Black "Westphal-Stubbe, Siegbert"]
[Result "1-0"]
[WhiteElo "1922"]
[BlackElo "1664"]
[PlyCount "73"]
[EventDate "2018.12.27"]

1. d4 e6 2. Nf3 Nf6 3. Bf4 c5 4. e3 a6 5. c4 cxd4 6. exd4 d6 7. Nc3 b6 8. Bd3
Bb7 9. O-O Be7 10. a3 Nbd7 11. b4 Qc7 12. Rc1 Rd8 13. c5 Qb8 14. Qe2 b5 15. Ng5
O-O 16. Rfe1 e5 17. dxe5 dxe5 18. Bg3 Qa8 19. f3 h6 20. Nge4 Nh5 21. Bb1 Nf4
22. Qc2 g6 23. Bxf4 exf4 24. Ba2 Kg7 25. Rcd1 Bc6 26. Nd5 Bxd5 27. Bxd5 Qa7 28.
Bb3 f5 29. Nd6 Bh4 30. Re6 Nb8 31. Qe2 Nc6 32. Ne8+ Rfxe8 33. Rxe8 Rxd1+ 34.
Qxd1 Ne7 35. Qd6 Bf6 36. Qe6 h5 37. Qf7+ 1-0

[Event "4. HSK Weihnachtsopen 2018"]
[Site "Hamburg"]
[Date "2018.12.29"]
[Round "5.17"]
[White "Schramm, Fynn"]
[Black "Lu, Siyuan"]
[Result "1-0"]
[WhiteElo "1913"]
[BlackElo "1659"]
[PlyCount "65"]
[EventDate "2018.12.27"]

1. e4 e5 2. Nf3 Nc6 3. Bb5 a6 4. Ba4 Nf6 5. O-O b5 6. Bb3 Bc5 7. c3 Be7 8. Re1
O-O 9. d4 d6 10. Nbd2 Bg4 11. Nf1 Qd7 12. Ng3 h6 13. a4 Nh7 14. Qd3 Bxf3 15.
gxf3 Na5 16. Bc2 Rfd8 17. dxe5 dxe5 18. Qxd7 Rxd7 19. axb5 Nc4 20. bxa6 Bg5 21.
b3 Bxc1 22. Rexc1 Nd2 23. Kg2 g6 24. h4 Rd6 25. a7 Nf8 26. Rd1 Ne6 27. Ne2 g5
28. Ra5 gxh4 29. Rd5 h3+ 30. Kg3 Nf4 31. R1xd2 Rg6+ 32. Kh2 Rg2+ 33. Kh1 1-0

[Event "4. HSK Weihnachtsopen 2018"]
[Site "Hamburg"]
[Date "2018.12.29"]
[Round "5.18"]
[White "Stelzner, Hendrik"]
[Black "Raedisch, Peter"]
[Result "0-1"]
[WhiteElo "1908"]
[BlackElo "1655"]
[PlyCount "51"]
[EventDate "2018.12.27"]

1. e4 e5 2. Nf3 Nc6 3. Bc4 Bc5 4. O-O Qe7 5. Re1 Bxf2+ 6. Kxf2 Qc5+ 7. d4 Qxc4
8. b3 Qa6 9. d5 Nd8 10. Kg1 f6 11. c4 d6 12. Be3 b6 13. Nc3 Ne7 14. a4 O-O 15.
a5 Qb7 16. a6 Qb8 17. b4 Bd7 18. b5 Ng6 19. Rf1 f5 20. Ng5 f4 21. Qh5 h6 22.
Qxg6 hxg5 23. Ne2 Nf7 24. Nxf4 gxf4 25. Bxf4 exf4 26. Rxf4 0-1

[Event "4. HSK Weihnachtsopen 2018"]
[Site "Hamburg"]
[Date "2018.12.29"]
[Round "5.19"]
[White "Schulz, Hans-Juergen"]
[Black "Mi, Gufeng"]
[Result "1/2-1/2"]
[WhiteElo "1827"]
[BlackElo "1489"]
[PlyCount "97"]
[EventDate "2018.12.27"]

1. e4 g6 2. d4 Bg7 3. Nf3 d6 4. Nc3 a6 5. Be3 Nd7 6. Qd2 h6 7. Be2 Ngf6 8. h3
b5 9. a3 Bb7 10. d5 c6 11. Rd1 cxd5 12. exd5 Nb6 13. Bxb6 Qxb6 14. Nh4 Rc8 15.
Bf3 Nd7 16. Bg4 Qc7 17. O-O Bxc3 18. bxc3 Qxc3 19. Qf4 Qf6 20. Bxd7+ Kxd7 21.
Qg4+ Kd8 22. Qb4 Rc7 23. Nf3 Qc3 24. Qf4 Qf6 25. Qe3 Kd7 26. Rfe1 g5 27. Rd4
Re8 28. Qd3 Kc8 29. c4 e5 30. Rde4 bxc4 31. Rxc4 Ree7 32. Rec1 Qh8 33. Rxc7+
Rxc7 34. Qf5+ Kb8 35. Rxc7 Kxc7 36. Qxf7+ Kb8 37. Qe7 Ka8 38. Qxd6 e4 39. Ne5
Qc8 40. Kh2 h5 41. Nd7 Ka7 42. Qb6+ Ka8 43. Qe6 Qc7+ 44. d6 Qc6 45. Qe8+ Bc8
46. Qxc8+ Qxc8 47. Nb6+ Kb7 48. Nxc8 Kxc8 49. h4 1/2-1/2

[Event "4. HSK Weihnachtsopen 2018"]
[Site "Hamburg"]
[Date "2018.12.29"]
[Round "5.21"]
[White "Kaußmann, Jean-David"]
[Black "Chmielewski, Axel"]
[Result "0-1"]
[WhiteElo "1593"]
[BlackElo "1854"]
[PlyCount "80"]
[EventDate "2018.12.27"]

1. d4 Nf6 2. Bf4 d5 3. e3 e6 4. Nf3 c5 5. c3 Nc6 6. Bd3 Bd6 7. Bxd6 Qxd6 8.
Nbd2 O-O 9. h3 Re8 10. O-O Bd7 11. Re1 e5 12. dxe5 Nxe5 13. Nxe5 Qxe5 14. Nf3
Qc7 15. Qc2 Bc6 16. Be2 Rad8 17. Rad1 b5 18. b3 Ne4 19. c4 bxc4 20. bxc4 Qa5
21. cxd5 Ba4 22. Qc4 Bxd1 23. Rxd1 Nc3 24. Rc1 Nxe2+ 25. Qxe2 Rxd5 26. Qc4 Red8
27. e4 Rd1+ 28. Rxd1 Rxd1+ 29. Kh2 Qc7+ 30. g3 h6 31. e5 Qe7 32. Qb3 Qd7 33.
Qb8+ Kh7 34. Qb3 Rc1 35. Qb2 Qd1 36. g4 Rc2 37. Qb7 Qe2 38. Kg3 Qxf2+ 39. Kf4
Rc4+ 40. Kf5 Qc2+ 0-1